<?xml version="1.0" encoding="UTF-8"?>
<collection xmlns="http://www.loc.gov/MARC21/slim">
<record>
  <controlfield tag="001">169099</controlfield>
  <controlfield tag="005">20260219091139.0</controlfield>
  <datafield tag="024" ind1="7" ind2=" ">
    <subfield code="2">doi</subfield>
    <subfield code="a">10.1002/adfm.202529076</subfield>
  </datafield>
  <datafield tag="024" ind1="8" ind2=" ">
    <subfield code="2">sideral</subfield>
    <subfield code="a">148181</subfield>
  </datafield>
  <datafield tag="037" ind1=" " ind2=" ">
    <subfield code="a">ART-2026-148181</subfield>
  </datafield>
  <datafield tag="041" ind1=" " ind2=" ">
    <subfield code="a">eng</subfield>
  </datafield>
  <datafield tag="100" ind1=" " ind2=" ">
    <subfield code="a">Del Sol-Fernández, Susel</subfield>
  </datafield>
  <datafield tag="245" ind1=" " ind2=" ">
    <subfield code="a">MagPiezo: A Magnetogenetic Platform for Remote Activation of Endogenous Piezo1 Channels in Endothelial Cells</subfield>
  </datafield>
  <datafield tag="260" ind1=" " ind2=" ">
    <subfield code="c">2026</subfield>
  </datafield>
  <datafield tag="520" ind1="3" ind2=" ">
    <subfield code="a">This study introduces MagPiezo, a novel magnetogenetic platform designed to enable remote and targeted manipulation of endogenous Piezo1 channels without genetic modification in vitro. MagPiezo integrates a custom-built magnetic applicator and 19 nm octahedral mixed ferrite nanoparticles (MF) with enhanced magnetocrystalline anisotropy, engineered to selectively target Piezo1 channels. The application of a low intensity (&lt; 40 mT), low frequency (0.5 Hz) magnetic field is sufficient to generate wireless torque forces in the piconewton range capable of gating Piezo1 channels in vitro. Remarkably, MagPiezo induces robust responses in endothelial cells, including calcium influx, cytoskeletal reorganization and transcriptional activation. Unlike other magnetogenetic tools, MagPiezo avoids the need to assemble the magnetic nanoparticles (MNPs) into bigger beads to reach the opening threshold and does not need to genetically engineer Piezo1 channels. Moreover, it uses low magnetic field intensities and frequencies, enhancing its potential for in vivo translation. Therefore, MagPiezo is a powerful platform for manipulating Piezo1 channels and dissecting mechanotransduction events in vascular biology, paving the way for new strategies to modulate mechanoreceptors.</subfield>
  </datafield>
  <datafield tag="506" ind1="0" ind2=" ">
    <subfield code="a">Access copy available to the general public</subfield>
    <subfield code="f">Unrestricted</subfield>
  </datafield>
  <datafield tag="536" ind1=" " ind2=" ">
    <subfield code="9">info:eu-repo/grantAgreement/ES/AEI/CEX2023-001286-S</subfield>
    <subfield code="9">info:eu-repo/grantAgreement/ES/DGA/E15-23R</subfield>
    <subfield code="9">info:eu-repo/grantAgreement/EC/EU/HORIZON/MSCA-2021-PF-01-01</subfield>
    <subfield code="9">info:eu-repo/grantAgreement/EC/HORIZON EUROPE/101064735/EU/Tunning the force for remote magnetomechanical gating of Piezo1 channels/MAGPIEZ</subfield>
    <subfield code="9">info:eu-repo/grantAgreement/EC/HORIZON EUROPE/101081713/EU/Intelligent Device and Computational Software to Control Mechanical Stress and Deformation for Biological Testing/ISBIOMECH</subfield>
    <subfield code="9">info:eu-repo/grantAgreement/EC/H2020/101034263/EU/ COMFUTURO, a public-private collaboration committed to science and the future/COMFUTURO</subfield>
    <subfield code="9">This project has received funding from the European Union’s Horizon 2020 research and innovation program under grant agreement No H2020 101034263-COMFUTURO</subfield>
    <subfield code="9">info:eu-repo/grantAgreement/EC/H2020/853468/EU/Remote control of cellular signalling triggered by magnetic switching/SIROCCO</subfield>
    <subfield code="9">This project has received funding from the European Union’s Horizon 2020 research and innovation program under grant agreement No H2020 853468-SIROCCO</subfield>
    <subfield code="9">info:eu-repo/grantAgreement/ES/MICINN/PID2021-122508NB-I00</subfield>
  </datafield>
  <datafield tag="540" ind1=" " ind2=" ">
    <subfield code="9">info:eu-repo/semantics/openAccess</subfield>
    <subfield code="a">by</subfield>
    <subfield code="u">https://creativecommons.org/licenses/by/4.0/deed.es</subfield>
  </datafield>
  <datafield tag="655" ind1=" " ind2="4">
    <subfield code="a">info:eu-repo/semantics/article</subfield>
    <subfield code="v">info:eu-repo/semantics/publishedVersion</subfield>
  </datafield>
  <datafield tag="700" ind1=" " ind2=" ">
    <subfield code="a">De Simone, Mariarosaria</subfield>
  </datafield>
  <datafield tag="700" ind1=" " ind2=" ">
    <subfield code="a">Fernández-Afonso, Yilian</subfield>
    <subfield code="0">(orcid)0000-0002-0970-1917</subfield>
  </datafield>
  <datafield tag="700" ind1=" " ind2=" ">
    <subfield code="a">Garcia-Gonzalez, Daniel</subfield>
  </datafield>
  <datafield tag="700" ind1=" " ind2=" ">
    <subfield code="a">Martínez-Vicente, Pablo</subfield>
    <subfield code="u">Universidad de Zaragoza</subfield>
  </datafield>
  <datafield tag="700" ind1=" " ind2=" ">
    <subfield code="a">van Zanten, Thomas</subfield>
    <subfield code="0">(orcid)0000-0002-8810-7149</subfield>
  </datafield>
  <datafield tag="700" ind1=" " ind2=" ">
    <subfield code="a">Fratila, Raluca M.</subfield>
    <subfield code="0">(orcid)0000-0001-5559-8757</subfield>
  </datafield>
  <datafield tag="700" ind1=" " ind2=" ">
    <subfield code="a">Moros, Maria</subfield>
    <subfield code="0">(orcid)0000-0002-2861-2469</subfield>
  </datafield>
  <datafield tag="710" ind1="2" ind2=" ">
    <subfield code="1">1003</subfield>
    <subfield code="2">027</subfield>
    <subfield code="a">Universidad de Zaragoza</subfield>
    <subfield code="b">Dpto. Anatom.Histolog.Humanas</subfield>
    <subfield code="c">Area Anatom.Embriol.Humana</subfield>
  </datafield>
  <datafield tag="773" ind1=" " ind2=" ">
    <subfield code="g">(2026), e29076 [20 pp.]</subfield>
    <subfield code="p">Adv. funct. mater.</subfield>
    <subfield code="t">Advanced Functional Materials</subfield>
    <subfield code="x">1616-301X</subfield>
  </datafield>
  <datafield tag="856" ind1="4" ind2=" ">
    <subfield code="s">4180677</subfield>
    <subfield code="u">http://zaguan.unizar.es/record/169099/files/texto_completo.pdf</subfield>
    <subfield code="y">Versión publicada</subfield>
  </datafield>
  <datafield tag="856" ind1="4" ind2=" ">
    <subfield code="s">2338644</subfield>
    <subfield code="u">http://zaguan.unizar.es/record/169099/files/texto_completo.jpg?subformat=icon</subfield>
    <subfield code="x">icon</subfield>
    <subfield code="y">Versión publicada</subfield>
  </datafield>
  <datafield tag="909" ind1="C" ind2="O">
    <subfield code="o">oai:zaguan.unizar.es:169099</subfield>
    <subfield code="p">articulos</subfield>
    <subfield code="p">driver</subfield>
  </datafield>
  <datafield tag="951" ind1=" " ind2=" ">
    <subfield code="a">2026-02-19-08:43:12</subfield>
  </datafield>
  <datafield tag="980" ind1=" " ind2=" ">
    <subfield code="a">ARTICLE</subfield>
  </datafield>
</record>
</collection>